|
|
|
|
| LEADER |
00000cam a22000004a 4500 |
| 001 |
musev2_49999 |
| 003 |
MdBmJHUP |
| 005 |
20230905045207.0 |
| 006 |
m o d |
| 007 |
cr||||||||nn|n |
| 008 |
171009s1975 onc o 00 0 eng d |
| 020 |
|
|
|a 9780889206526
|
| 020 |
|
|
|z 088920652X
|
| 020 |
|
|
|z 9780889200135
|
| 035 |
|
|
|a (OCoLC)1016841501
|
| 040 |
|
|
|a MdBmJHUP
|c MdBmJHUP
|
| 100 |
1 |
|
|a Parke-Taylor, Geoffrey H.,
|d 1920-
|
| 245 |
1 |
0 |
|a Yahweh :
|b The Divine Name in the Bible /
|c G.H. Parke-Taylor.
|
| 264 |
|
1 |
|a Waterloo, Ont. :
|b Wilfrid Laurier University Press,
|c 1975.
|
| 264 |
|
3 |
|a Baltimore, Md. :
|b Project MUSE,
|c 2018
|
| 264 |
|
4 |
|c ©1975.
|
| 300 |
|
|
|a 1 online resource (144 pages).
|
| 336 |
|
|
|a text
|b txt
|2 rdacontent
|
| 337 |
|
|
|a computer
|b c
|2 rdamedia
|
| 338 |
|
|
|a online resource
|b cr
|2 rdacarrier
|
| 500 |
|
|
|a Includes indexes.
|
| 500 |
|
|
|a In English.
|
| 505 |
0 |
|
|a The name of God -- The tetragrammaton before Moses -- The God of the fathers -- The God of Moses -- The tetragrammaton in the Old Testament -- The tetragrammaton within Judaism -- The tetragrammaton within Christianity.
|
| 546 |
|
|
|a In English.
|
| 588 |
|
|
|a Description based on print version record.
|
| 650 |
1 |
7 |
|a Oude Testament.
|2 gtt
|
| 650 |
1 |
7 |
|a JHWH.
|2 gtt
|
| 650 |
|
7 |
|a God
|x Name
|x Biblical teaching.
|2 fast
|0 (OCoLC)fst00944088
|
| 650 |
|
7 |
|a RELIGION
|x Judaism
|x General.
|2 bisacsh
|
| 650 |
|
6 |
|a Dieu
|x Nom
|x Enseignement biblique.
|
| 650 |
|
0 |
|a God
|x Name
|x Biblical teaching.
|
| 600 |
1 |
7 |
|a Jahwe.
|2 swd
|
| 600 |
0 |
7 |
|a Jahwe
|2 gnd
|
| 600 |
0 |
6 |
|a Dieu (Judaïsme)
|x Noms.
|
| 600 |
0 |
6 |
|a Dieu
|x Nom.
|
| 655 |
|
7 |
|a Electronic books.
|2 local
|
| 740 |
0 |
|
|a Yahweh.
|
| 710 |
2 |
|
|a Project Muse.
|e distributor
|
| 830 |
|
0 |
|a Book collections on Project MUSE.
|
| 856 |
4 |
0 |
|z Texto completo
|u https://projectmuse.uam.elogim.com/book/49999/
|
| 945 |
|
|
|a Project MUSE - Custom Collection
|
| 945 |
|
|
|a Project MUSE - Archive Complete Supplement VI
|
| 945 |
|
|
|a Project MUSE - Archive Philosophy and Religion Supplement VI
|